000 00537nam a2200181Ia 4500
005 20250423095435.0
008 250422s9999 xx 000 0 und d
020 _a9781118625057
050 _aQP 34.5 .P43/
100 _aPeate, Ian
245 0 _aFundamentals of children's anatomy and physiology : a textbook for nursing and healthcare students
260 _aChichester
260 _bJohn Wiley & Sons Inc
260 _c2015
300 _a502 p
650 _a Anatomy. Child. Physiological Phenomena.
942 _cBK
999 _c30281
_d30281